<?xml version="1.0" encoding="UTF-8"?>
<record
    xmlns:xsi="http://www.w3.org/2001/XMLSchema-instance"
    xsi:schemaLocation="http://www.loc.gov/MARC21/slim http://www.loc.gov/standards/marcxml/schema/MARC21slim.xsd"
    xmlns="http://www.loc.gov/MARC21/slim">

  <leader>02372nab a2200289uuc4500</leader>
  <controlfield tag="001">1330558</controlfield>
  <controlfield tag="003">OSt</controlfield>
  <controlfield tag="005">20240223085641.0</controlfield>
  <controlfield tag="008">130529m01uu2013                    spa  </controlfield>
  <datafield tag="035" ind1=" " ind2=" ">
    <subfield code="a">1330558</subfield>
  </datafield>
  <datafield tag="040" ind1=" " ind2=" ">
    <subfield code="c">comduadb</subfield>
  </datafield>
  <datafield tag="041" ind1=" " ind2=" ">
    <subfield code="a">spa</subfield>
  </datafield>
  <datafield tag="100" ind1="1" ind2="0">
    <subfield code="a">Garz&#xF3;n Sanabria, Ver&#xF3;nica</subfield>
    <subfield code="4">aut</subfield>
    <subfield code="e">aut</subfield>
    <subfield code="9">650414</subfield>
  </datafield>
  <datafield tag="245" ind1="1" ind2="0">
    <subfield code="a">Terapia periodontal no quir&#xFA;rgica en pacientes con diabetes mellitus tipo 2 en descontrol</subfield>
  </datafield>
  <datafield tag="520" ind1="3" ind2=" ">
    <subfield code="a">Objetivo: evaluar el efecto del tratamiento periodontal no quir&#xFA;rgico sobre el control metab&#xF3;lico expresado por HbA1c en pacientes con diabetes mellitus tipo 2 (DM2) en descontrol y enfermedad periodontal tratados con el algoritmo de la Asociaci&#xF3;n Americana para la Diabetes y la Asociaci&#xF3;n Europea para el Estudio de la Diabetes. M&#xE9;todos: la muestra se form&#xF3; con 38 pacientes con DM2 en descontrol y enfermedad periodontal de una cl&#xED;nica de beneficencia. Se otorg&#xF3; tratamiento periodontal no quir&#xFA;rgico y se realizaron determinaciones basales de HbA1c y tres meses despu&#xE9;s. Se aplic&#xF3; la prueba t de Student para muestras dependientes. Resultados: el 79 % de la muestra fue del sexo femenino; la edad promedio fue de 51 &#xB1; 9.8 a&#xF1;os. El promedio de la HbA1c antes y despu&#xE9;s del tratamiento disminuy&#xF3; de 8.6 a 8 % (p = 0.026). Despu&#xE9;s del tratamiento, la prevalencia de enfermedad periodontal fue de 8 %. El promedio del control personal de placa antes y despu&#xE9;s del tratamiento disminuy&#xF3; de 82.6 % a 35.5 % (p &lt; 0.000). Conclusiones: similar a lo informado en estudios previos, despu&#xE9;s del tratamiento periodontal se observ&#xF3; mejor&#xED;a en el control gluc&#xE9;mico, remisi&#xF3;n de enfermedad periodontal y disminuci&#xF3;n de control personal de placa.</subfield>
  </datafield>
  <datafield tag="650" ind1=" " ind2=" ">
    <subfield code="a">Enfermedad periodontal</subfield>
    <subfield code="9">33488</subfield>
  </datafield>
  <datafield tag="650" ind1=" " ind2="7">
    <subfield code="a">Diabetes mellitus tipo 2</subfield>
    <subfield code="2">dcs</subfield>
    <subfield code="9">133780</subfield>
  </datafield>
  <datafield tag="650" ind1=" " ind2=" ">
    <subfield code="a">Hemoglobina A glucosilada</subfield>
    <subfield code="9">190674</subfield>
  </datafield>
  <datafield tag="700" ind1="1" ind2="0">
    <subfield code="a">Olmos Bringas, Marisol</subfield>
    <subfield code="4">aut</subfield>
    <subfield code="e">aut</subfield>
    <subfield code="9">668948</subfield>
  </datafield>
  <datafield tag="700" ind1="1" ind2="0">
    <subfield code="a">Mota Sanhua, Vanesa</subfield>
    <subfield code="4">aut</subfield>
    <subfield code="e">aut</subfield>
    <subfield code="9">590686</subfield>
  </datafield>
  <datafield tag="700" ind1="1" ind2="0">
    <subfield code="a">Enr&#xED;quez B&#xE1;rcenas, Luis Fernando</subfield>
    <subfield code="4">aut</subfield>
    <subfield code="e">aut</subfield>
    <subfield code="9">641190</subfield>
  </datafield>
  <datafield tag="700" ind1="1" ind2="0">
    <subfield code="a">Garc&#xED;a Ruiz, Erika</subfield>
    <subfield code="4">aut</subfield>
    <subfield code="e">aut</subfield>
    <subfield code="9">641191</subfield>
  </datafield>
  <datafield tag="700" ind1="1" ind2="0">
    <subfield code="a">Rivas Ayala, Lourdes</subfield>
    <subfield code="4">aut</subfield>
    <subfield code="e">aut</subfield>
    <subfield code="9">609870</subfield>
  </datafield>
  <datafield tag="700" ind1="1" ind2="0">
    <subfield code="a">Rojas Jim&#xE9;nez, Jos&#xE9; Alberto</subfield>
    <subfield code="4">aut</subfield>
    <subfield code="e">aut</subfield>
    <subfield code="9">650415</subfield>
  </datafield>
  <datafield tag="773" ind1="0" ind2=" ">
    <subfield code="t">Revista M&#xE9;dica del Instituto Mexicano del Seguro Social  (M&#xE9;xico)</subfield>
    <subfield code="g">Vol. 51, No. 01, Ene.-Feb. 2013, p. 86-91</subfield>
    <subfield code="w">332961</subfield>
    <subfield code="x">0443-5117</subfield>
    <subfield code="0">108785</subfield>
  </datafield>
  <datafield tag="942" ind1=" " ind2=" ">
    <subfield code="c">ARIMP</subfield>
    <subfield code="2">ddc</subfield>
  </datafield>
  <datafield tag="999" ind1=" " ind2=" ">
    <subfield code="c">650046</subfield>
    <subfield code="d">650046</subfield>
  </datafield>
</record>
